| 000 | 01578cab a2200349 4500 | ||
|---|---|---|---|
| 001 | ABS56910 | ||
| 008 | 090401t1997 xxu||||| |||| 00| 0 eng d | ||
| 035 | _a(Sirsi) u78005 | ||
| 041 | _aeng | ||
| 100 | _aWillan, P. N. di C. | ||
| 245 | _aFair rents - quantification of scarcity and `working through` | ||
| 260 | _c1997 | ||
| 350 | _a0 | ||
| 490 |
_aJournal of the Institute of Rating Officers _v28(1) April 1997, 5-8(4) |
||
| 520 | _aDiscusses recent cases concerning fair rents and the quantification of scarcity, following the decision in "Spath Holme v Greater Manchester and Lancashire Rent Assessment Committee". Outlines the best way to quantify scarcity. | ||
| 650 | _aCOMPARABLES | ||
| 650 | _aCURTIS AND ANOTHER V LONDON RENT ASSESSMENT COMMITTEE | ||
| 650 | _aFAIR RENTS | ||
| 650 | _aNORTHUMBERLAND AND DURHAM PROPERTY TRUST LTD V LONDON RENT ASSESSMENT COMMITTEE AND BORKOWSKI | ||
| 650 | _aNORTHUMBERLAND AND DURHAM PROPERTY TRUST LTD V LONDON RENT ASSESSMENT COMMITTEE AND BULLOCK | ||
| 650 | _aNORTHUMBERLAND AND DURHAM PROPERTY TRUST LTD V LONDON RENT ASSESSMENT COMMITTEE AND COWDERY AND ANOTHER | ||
| 650 | _aOPEN MARKET RENTS | ||
| 650 | _aQUANTIFICATION OF SCARCITY | ||
| 650 | _aR V LONDON RENT ASSESSMENT COMMITTEE EX P WELLS | ||
| 650 | _aRALSTON V EAST MIDLANDS RAC AND PLUMMER | ||
| 650 | _aRENT ACT 1977 S70(2) | ||
| 650 | _aRENT ASSESSMENT COMMITTEE | ||
| 650 | _aSPATH HOLME LTD V GREATER MANCHESTER AND LANCASHIRE RENT ASSESSMENT COMMITTEE | ||
| 690 | _aRATING AND VALUATION | ||
| 942 | _n0 | ||
| 948 | _c28/04/1997 | ||
| 999 |
_c49065 _d49065 |
||